Alfabetización y educación cívica : (Record no. 96750)
[ view plain ]
| 000 -CABECERA | |
|---|---|
| campo de control de longitud fija | 00713nam a2200193 a 4500 |
| 005 - FECHA Y HORA DE LA ÚLTIMA TRANSACCIÓN | |
| campo de control | 20250108063738.0 |
| 008 - ELEMENTOS DE LONGITUD FIJA--INFORMACIÓN GENERAL | |
| campo de control de longitud fija | 030523s1990 mx r 000 0 spa d |
| 035 ## - NÚMERO DE CONTROL DEL SISTEMA | |
| Número de control de sistema | UPN01000124571 |
| 049 ## - COLECCIÓN | |
| Colección | CG |
| 050 #4 - SIGNATURA TOPOGRÁFICA DE LA BIBLIOTECA DEL CONGRESO | |
| Número de clasificación | LC155 P5 |
| Número de documento/Ítem | A4.3 |
| 245 00 - MENCIÓN DE TÍTULO | |
| Título | Alfabetización y educación cívica : |
| Resto del título | experiencias con mujeres campesinas en Perú / |
| Mención de responsabilidad, etc. | comp. Pilar Núñez. |
| 260 ## - PUBLICACIÓN, DISTRIBUCIÓN, ETC. | |
| Lugar de publicación, distribución, etc. | Santiago de Chile : |
| Nombre del editor, distribuidor, etc. | UNESCO, Oficina Regional de Educación para América Latina y el Caribe, |
| Fecha de publicación, distribución, etc. | 1990. |
| 300 ## - DESCRIPCIÓN FÍSICA | |
| Extensión | 85 p. : |
| Otras características físicas | fotos |
| 650 #4 - ASIENTO SECUNDARIO DE MATERIA - TERMINO TEMATICO | |
| Término de materia o nombre geográfico como elemento de entrada | Alfabetización (Educación) |
| Subdivisión geográfica | Perú |
| 9 (RLIN) | 1956 |
| 650 #4 - ASIENTO SECUNDARIO DE MATERIA - TERMINO TEMATICO | |
| Término de materia o nombre geográfico como elemento de entrada | Civismo |
| Subdivisión general | Estudio y enseñanza |
| 9 (RLIN) | 5814 |
| 650 #4 - ASIENTO SECUNDARIO DE MATERIA - TERMINO TEMATICO | |
| Término de materia o nombre geográfico como elemento de entrada | MUJERES - |
| Subdivisión general | EDUCACION - |
| Subdivisión geográfica | PERU |
| 9 (RLIN) | 6064 |
| 700 1# - ASIENTO SECUNDARIO--NOMBRE DE PERSONAL | |
| Nombre de persona | Núñez, Pilar, |
| Término indicativo de función/relación | comp. |
| 905 ## - TIPO DE MATERIAL | |
| Tipo de material | Libro |
| Estado de retiro | Estado de pérdida | Fuente del sistema de clasificación o colocación | Estado dañado | No para préstamo | Código de colección | Localización permanente | Ubicación/localización actual | Ubicación en estantería | Total de préstamos | Clasificación | Código de barras | Fecha visto por última vez | Número de copia | Tipo de ítem Koha |
|---|---|---|---|---|---|---|---|---|---|---|---|---|---|---|
| Library of Congress Classification | Colección General | Bib. Gregorio Torres Quintero | Bib. Gregorio Torres Quintero | Planta baja | 1 | LC155 P5 A4.3 | 222126 | 31/12/2020 | 1 | Libro | ||||
| Library of Congress Classification | Colección General | Bib. Gregorio Torres Quintero | Bib. Gregorio Torres Quintero | Planta baja | LC155 P5 A4.3 | 192094 | 31/12/2020 | 1 | Libro |
